000 00487nam a2200181Ia 4500
005 20250508161701.0
008 008 250505s9999 xx 000 0 eng d
037 _aTextual
040 _aFEDL
_beng
_cFEDL
041 _aeng
_2eng
084 _a572, SAL
_qFEDL
100 _aSalzmann Zdenek
_9244919
245 0 _aAnthropology
260 _aNew York, USA
_bHarcourt, Brace and World
_c1969
300 _axi,308p.
942 _cTEXL
_h572, SAL
999 _c1371537
_d1371537